00706nkm a2200241uu 4500001000800000005001700008008004100025035001200066040001300078041000800091082000800099245002600107260004800133300003300181650001700214650003500231650002600266650002300292650003300315650003400348650003200382650005000414114343620260507114128.0090516s2002 eng  a1143436 ccomduadb aeng 4a42810aStudy skills [afiche] aUnited States :bTrend Enterprises,cc2002. a1 afiche : color; 48 x 34cm. aStudy skills aEstudio y ensenanza (primaria) aEstudio y enseñanza aStudy and teaching aStudy and teaching (primary) aEnglish as a foreign language 7aInglésxEnseñanza2lemb aInglés - Enseñanza (Educación primaria)